Statistics for Magic: The Gathering Set Quiz

Click here to take the quiz!

General Stats

  • This quiz has been taken 78 times
    (76 since last reset)
  • The average score is 19 of 36

Answer Stats

Card NameSet Name% Correct
Black LotusAlpha
100%
Library of AlexandriaArabian Nights
72%
Snapcaster MageInnistrad
71%
Purphoros, God of the ForgeTheros
71%
Siege RhinoKhans of Tarkir
68%
TarmogoyfFuture Sight
66%
Jace, the Mind SculptorWorldwake
66%
Blood MoonThe Dark
65%
Goblin GuideZendikar
65%
Force of WillAlliances
62%
SkullclampDarksteel
58%
MindslaverMirrodin
58%
BitterblossomMorningtide
58%
DamnationPlanar Chaos
58%
Dark ConfidantRavnica: City of Guilds
58%
Knight of the ReliquaryConflux
55%
Boros ReckonerGatecrash
55%
ElectrolyzeGuildpact
55%
Karn LiberatedNew Phyrexia
55%
Thought-Knot SeerOath of the Gatewatch
55%
NecropotenceIce Age
54%
Enlightened TutorMirage
52%
Painter's ServantShadowmoor
51%
Gifts UngivenChampions of Kamigawa
49%
Cursed ScrollTempest
48%
Oath of DruidsExodus
46%
DovescapeDissension
45%
CounterbalanceColdsnap
43%
Astral SlideOnslaught
40%
PsychatogOdyssey
37%
MasticoreUrza's Destiny
37%
Dust BowlMercadian Masques
35%
AbeyanceWeatherlight
35%
IchoridTorment
34%
Flameongue KavuPlaneshift
32%
Avatar of WoeProphecy
32%

Score Distribution

Percentile by Number Answered

Percent of People with Each Score

Your Score History

You have not taken this quiz since the last reset